Curtain

Bibliographic Details
Main Author: Korda, Michael
Format: Book
Published: New York : Summit Books , 1991

MARC

LEADER 00000cam a2200000 7i4500
001 0000002030
002 000002216
005 20000330.0
020 |a 0671686844 
090 0 0 |a F   |b KOR 
100 1 |a Korda, Michael 
245 1 0 |a Curtain   |c Michael Korda 
260 |a New York :   |b Summit Books ,   |c 1991 
300 |a 378p. ;   |c 24cm. 
999 |a 035336   |b BUKU   |c PINJAMAN   |e PERPUSTAKAAN KOMUNITI PETALING JAYA 
999 |a 035337   |b BUKU   |c PINJAMAN   |e PERPUSTAKAAN KOMUNITI PETALING JAYA 
999 |a 035338   |b BUKU   |c PINJAMAN   |e PERPUSTAKAAN KOMUNITI PETALING JAYA